Safe fire fighting First things first Volume 1

Quỹ Châu Á

সংরক্ষণ করুন:
গ্রন্থ-পঞ্জীর বিবরন
প্রধান লেখক: Kidd, Steve
অন্যান্য লেখক: Czajkowki, John
বিন্যাস: গ্রন্থ
ভাষা:Undetermined
প্রকাশিত: Boston McGraw Hill 2007
বিষয়গুলি:
অনলাইন ব্যবহার করুন:http://lrc.tdmu.edu.vn/opac/search/detail.asp?aID=2&ID=34496
ট্যাগগুলো: ট্যাগ যুক্ত করুন
কোনো ট্যাগ নেই, প্রথমজন হিসাবে ট্যাগ করুন!
Thư viện lưu trữ: Trung tâm Học liệu Trường Đại học Thủ Dầu Một
LEADER 00939nam a2200241Ia 4500
001 TDMU_34496
008 210410s9999 xx 000 0 und d
082 |a 005.74 
090 |b K302 
100 |a Kidd, Steve 
245 0 |a Safe fire fighting 
245 0 |b First things first 
245 0 |c Steve Kidd, John Czajkowki, Garry Briese 
245 0 |n Volume 1 
260 |a Boston 
260 |b McGraw Hill 
260 |c 2007 
300 |a 296 p. 
520 |a Quỹ Châu Á  |c Tặng; 11 Chapters: Welcome to the fire service; basic first aid and CPR; Protective Equipment; preconnected attack lines; response safety and vechicle crashes; xetinguishing small fires;... 
650 |a Safe fire fighting; An toàn cá nhân  |x Phòng cháy chữa cháy 
700 |a Czajkowki, John 
856 |u http://lrc.tdmu.edu.vn/opac/search/detail.asp?aID=2&ID=34496 
980 |a Trung tâm Học liệu Trường Đại học Thủ Dầu Một